| 000 | 00455nam a22001577a 4500 | ||
|---|---|---|---|
| 008 | 141031b xxu||||| |||| 00| 0 eng d | ||
| 020 | _a9780552149525 | ||
| 050 | _aPS3552. R685434 L67 | ||
| 100 |
_aBrown, Dan _912303 |
||
| 245 |
_aThe lost symbol / _cDan Brown |
||
| 260 |
_aBritian _bCorgi Books _c2009 |
||
| 300 |
_a669p. : _c20cm. |
||
| 650 |
_aFreemasonry _xFiction _912304 |
||
| 650 |
_aWashington ,D.C _vFiction _912305 |
||
| 942 |
_2lcc _cMONOGRAPH _02 |
||
| 999 |
_c121152 _d121152 |
||